Nextbots Quiz (nico's nextbots) - Statistics

General Stats
  • This quiz has been taken 115 times
  • The average score is 24 of 58
Answer Stats
Nextbot % Correct
aheno
74%
nerd
67%
angry munci
64%
ao oni
62%
richard boderman
62%
idiot
60%
speed
60%
armstrong
57%
sanic
57%
cootie
55%
yoshie
55%
alternate
52%
afton
50%
bateman
50%
cat
45%
delgado
45%
unknown
45%
beagle
43%
carmen
43%
carter
43%
firebrand
43%
jerma
43%
sponge
43%
wise mystical tree
43%
intruder
40%
fazbear mug
40%
fuwatti
40%
burger
38%
crabbo
38%
doot
38%
jonathan
38%
jungler
38%
maxwell
38%
pinhead
38%
this man
38%
vibe
38%
babel
36%
oragne
36%
giddy
36%
grudge
36%
nope
36%
qubert
36%
roblox
36%
smileghost
36%
caterpillar
33%
dev_envmap
31%
engineergaming
31%
gromit mug
31%
noob
31%
vehilce
31%
blonk
29%
personoid
29%
benny
26%
old ai
26%
trollge
26%
real ghost
24%
the real roblox santa
21%
new holland ch 7.70 combine harvester
17%
No matching quizzes found
Score Distribution
Percent of People with Each Score
Percentile by Number Answered
Your Score History
You have not taken this quiz